Volcans phares par pays/territoire - Statistiques

Statistiques générales
  • Ce quiz a été pris 85 fois
  • Le résultat moyen est 7 sur 15
Statistiques - réponses
Hint Réponse % Correct
Italie, a détruit Pompéi et Herculanum Vésuve
96%
Italie, volcan actif au XXème siècle Etna
96%
Point culminant du Japon Mont Fuji
96%
La Réunion le Piton de la Fournaise
73%
Plus haut sommet d'Afrique Kilimandjaro
66%
Italie, mentionné par Jules Verne Stromboli
66%
Martinique Montagne Pelée
57%
la Guadeloupe la Soufrière
52%
Indonésie, éruption en 2018 Krakatoa
45%
US Mont Saint Helens
25%
Hawaï, plus grande montagne Mauna Kea
18%
Mexique, point culminant Orizaba
9%
Grand volcan japonais à Kuyshu Sakurajima
5%
Volcan à Java Bromo
2%
Cap-Vert Pico do Fogo
2%
Aucun quiz correspondant
Distribution des résultats
% des personnes avec chaque résultat
Percentile par nombre de réponses
Votre historique - résultats
Vous n’avez pas pris ce quiz